000 00295nam a22001337a 4500
008 170720b xxu||||| |||| 00| 0 eng d
020 _a9780735615182
041 _aeng
080 _a004
100 _a28
101 _aSHKI
245 _aMICROSOFT OFFICE EXCEL 2003
_cFRYE, C
942 _2udc
_cBK
999 _c21682
_d21682